00492nam a2200169Ia 450000500170000000800410001702000180005808200130007610000180008924500220010726000430012930000190017250000120019194200060020395200980020999900150030720241129014409.0240331s9999 xx 000 0 und d a9780195796391 bRIAa891 aRiaz, Fahmida 0aGodavaribA Novel aKarachibOxford University Pressc2008 aXXIV, 110 p ., aA Novel cL 001040708LaWERCLbWERCLcSSCd2024-03-31l0o 891.48 RIAp6847r2024-03-31w2024-03-31yL c5853d5853